Decree 1970 (Record no. 20030)
| 000 -LEADER | |
|---|---|
| fixed length control field | 00282nam a22001217a 4500 |
| 008 - FIXED-LENGTH DATA ELEMENTS--GENERAL INFORMATION | |
| fixed length control field | 220714b ||||| |||| 00| 0 eng d |
| 100 ## - MAIN ENTRY--AUTHOR | |
| Author | National Library |
| 245 ## - TITLE STATEMENT | |
| Title | Decree 1970 |
| 250 ## - EDITION STATEMENT | |
| Edition statement | Part A |
| 300 ## - COLLATION | |
| Pagination | 32 pg., 20.2cm |
| 650 ## - TRACINGS | |
| Main Subject | Bills and Act |
| 942 ## - ADDED ENTRY ELEMENTS (KOHA) | |
| Item type | Books |
| Source of classification or shelving scheme | Not for loan | Collection code | Permanent location | Current location | Shelving location | Date acquired | Mode of acquisition | Full call number | Barcode. | Koha item type |
|---|---|---|---|---|---|---|---|---|---|---|
| Available | Reference | The Nigeria Governors Forum Library | The Nigeria Governors Forum Library | On Display | 2022-07-14 | Donated | DENALIB | 0000000021807 | Books | |
| Available | Reference | The Nigeria Governors Forum Library | The Nigeria Governors Forum Library | On Display | 2022-07-14 | Donated | DENALIB | 0000000021814 | Books | |
| Available | Reference | The Nigeria Governors Forum Library | The Nigeria Governors Forum Library | On Display | 2022-07-14 | Donated | DENALIB | 0000000021821 | Books | |
| Available | Reference | The Nigeria Governors Forum Library | The Nigeria Governors Forum Library | On Display | 2022-07-14 | Donated | DENALIB | 0000000021838 | Books |
